000 00776nam a2200229 a 4500
001 13359
003 BD-JhCC
005 20230909124013.0
008 230909s20102019bg a|||| |||| 000 0 ben d
020 _a9847003801156
035 _a(BD-JhCC)
040 _aBD-JhCC
_dBD-JhCC
041 _aben
082 _a891.4435
_bHOS 2019
100 _aহোসেন, সেলিনা
245 _aগল্পে গল্পে শামসুর রাহমান /
_bসেলিনা হোসেন
260 _aঢাকা :
_bপাঞ্জেরী পাবলিকেশন্স লি.
300 _a৮ পৃ. :
_bরঙিন পৃষ্ঠা;
_c২২ সে.মি.
650 _aBengali Short story
650 _aJuvenail Litutare
942 _2ddc
_cBK
999 _c13359
_d13359